000 00681nam a2200265Ia 4500
005 20260121172759.0
008 008 260114s9999 xx 000 0 eng d
020 _a9783030842208
037 _aEBOOK
040 _aCRL
040 _beng
040 _cCRL
041 _2eng
041 _aeng
084 _qCRL
100 _aAndrew S. Gibbons, Elizabeth Boling
_91092657
245 0 _aConversational Forms of Instruction and Message Layer Design
260 _bSpringer
260 _bSpringer
260 _c2021
856 _uhttps://link.springer.com/openurl?genre=book&isbn=978-3-030-84220-8
942 _cEBOOK
999 _c1658397
_d1658397